RN sa spýtali Ing. Františka Froliša, riaditeľa Východoslovenských lesov v Košiciach Existuje drevomafia aj na východe?

Bibliographic Details
Main Author: Froliš, František (Author)
Corporate Author: Východoslovenské lesy (Košice, Slovensko) (Author)
Format: Article
Language:Slovak
Subjects:

MARC

LEADER 00000nab a2200000 a 4500
001 vtls000925142
003 SK-MaSNL
005 20260303033620.0
008 040720e19951219xo 0 slo
035 |a KE34019 
040 |a KEVKJB  |b slo  |c KEVKJB  |e AACR2 
041 0 |a slo 
044 |a xo  |c SK 
080 |a 630  |2 1981 
100 1 |a Froliš, František  |4 aut  |9 873628 
245 1 0 |a RN sa spýtali Ing. Františka Froliša, riaditeľa Východoslovenských lesov v Košiciach  |b Existuje drevomafia aj na východe? 
610 2 7 |a Východoslovenské lesy (Košice, Slovensko)  |2 KEVKJB  |9 873629 
650 0 7 |a lesníctvo  |2 KEVKJB  |9 1255 
650 0 7 |a rozhovory  |2 KEVKJB  |9 453585 
651 7 |a KE,  |2 KEVKJB  |9 877256 
655 7 |a periodikum  |2 snkbucl  |9 29553 
710 2 |a Východoslovenské lesy (Košice, Slovensko)  |4 aut  |9 873629 
773 0 8 |t Roľnícke noviny, č.293, 19.12.1995, s. 1,3 
852 |a ZVYKNI  |b KIS3GCP 
999 |c 1670805  |d 1672735